Archie & Friends #136 /

It's a kitchen catastrophe when Ms. Beazly is temporarily sidelined by an injury, but never fear - Ms. Beazly's culinary school grad daughter, Bella, is here! All the guys go ga-ga over the chic chef, but will the food she serves be as attractive? Can Jughead simultaneously feel love in hi...

Full description

Bibliographic Details
Corporate Author: Library Pass, LLC
Other Authors: Ruiz, Fernando (writer.)
Format: eBook
Language:English
Published: [United States] : Archie Comics, 2011.
Subjects:
Online Access:Connect to this electronic book (First time users create your free account)

MARC

Tag First Indicator Second Indicator Subfields
LEADER 00000nmm a22000001a 4500
001 in00004629821
006 m|||||o||m||||||||
007 cr|cn |||uuuuu
008 221118s2011 xxu||||do|||| ||||||eng d
005 20221207222213.2
035 |a (TxWaIVM)IV353ArAr 
040 |a TxWaIVM  |c TxWaIVM 
245 0 0 |a Archie & Friends #136 /  |c powered by Library Pass. 
260 3 |a [United States] :  |b Archie Comics,  |c 2011. 
300 |a 1 online resource. 
336 |a text  |b txt  |2 rdacontent 
337 |a computer  |b c  |2 rdamedia 
338 |a online resource  |b cr  |2 rdacarrier 
520 |a It's a kitchen catastrophe when Ms. Beazly is temporarily sidelined by an injury, but never fear - Ms. Beazly's culinary school grad daughter, Bella, is here! All the guys go ga-ga over the chic chef, but will the food she serves be as attractive? Can Jughead simultaneously feel love in his heart and hunger in his stomach? 
521 |a 2 
538 |a Requires a valid library card and registration for new users. 
538 |a Mode of access: World Wide Web. 
538 |a System requirements: Flash 10.1 or higher, Windows XP and higher, Internet Explorer 7 and higher, Firefox 3.6 and higher, Google Chrome; Max OS 10.5 and higher, Safari 4 and higher. 
650 0 |a Humor 
655 7 |a Electronic books.  |2 local 
655 7 |a Humor  |2 gsafd 
700 1 |a Ruiz, Fernando.  |e writer. 
700 1 |a Ruiz, Fernando.  |e artist. 
700 1 |a Whitmore, Genn.  |e artist. 
700 1 |a Morelli, Jack.  |e artist. 
700 1 |a Amash, Jim.  |e artist. 
710 2 |a Library Pass, LLC. 
856 4 0 |u http://proxy.library.tamu.edu/login?url=https://tamu.librarypass.com/product/com.iversecomics.archie.comics.archie.friends.one.hundred.thirty.six.06242011  |z Connect to this electronic book (First time users create your free account)  |t 0 
955 |a Comics Plus. 
999 f f |s 57f5bde8-0680-448d-87a1-4358769558ca  |i 2c9f1b37-2bb3-4038-90a3-a15136b6b107  |t 0 
952 f f |a Texas A&M University  |b College Station  |c Electronic Resources  |d Available Online  |t 0  |h Library of Congress classification 
998 f f |t 0  |l Available Online